000 00410cam a2200181ua 4500
020 _c6.00
041 _amal
_h
082 _a615.532
_bKUM/JE
100 _aKumaran, P .
245 _aJeevarasayana chandrika /
_cP Kumaran.
_hTextual Documents
250 _a1 /
_b.
260 _a :
_bP Kumaran ,
_c1965.
300 _a242 ; .
365 _a6.00
504 _a
942 _cBK
999 _c6125
_d6125